000 00377nam a2200145Ia 4500
008 230917s9999||||xx |||||||||||||| ||und||
040 _e43215
_aMAIN
041 _aEnglish
082 _a944.04 F975I
100 _aFuret, Francois
245 0 _aInterpreting the French revolution
260 _aCambridge
_bCambridge University Press
_c1981
300 _ax, 204 p.
942 _cBK
999 _c40220
_d40220